Phôi thai học đại cương

Nội dung giới thiệu quá trình hình thành và phát triển của thai nhi từ khi thụ tinh, di chuyển giao tử, phân cắt phôi bào và làm tổ, cơ sở phân tử phát triển phôi. Đĩa phôi và các cấu trúc mầm, phát triển phôi 3 lá, nhau và màng nhau, di tật...

Descrición completa

Gardado en:
Detalles Bibliográficos
Autor Principal: Nguyễn, Trí Dũng
Formato: Libro
Idioma:Undetermined
Publicado: Hà Nội Khoa học và Kỹ thuật 2008
Những chủ đề:
Các nhãn: Engadir etiqueta
Sen Etiquetas, Sexa o primeiro en etiquetar este rexistro!
Thư viện lưu trữ: Trung tâm Học liệu Trường Đại học Cần Thơ
LEADER 01013nam a2200205Ia 4500
001 CTU_148599
008 210402s9999 xx 000 0 und d
020 |c 60000 
082 |a 612.64 
082 |b D513 
100 |a Nguyễn, Trí Dũng 
245 0 |a Phôi thai học đại cương 
245 0 |c Nguyễn Trí Dũng 
260 |a Hà Nội 
260 |b Khoa học và Kỹ thuật 
260 |c 2008 
520 |a Nội dung giới thiệu quá trình hình thành và phát triển của thai nhi từ khi thụ tinh, di chuyển giao tử, phân cắt phôi bào và làm tổ, cơ sở phân tử phát triển phôi. Đĩa phôi và các cấu trúc mầm, phát triển phôi 3 lá, nhau và màng nhau, di tật bẩm sinh, biến đổi đột biến và biến đổi tiến hóa. 
650 |a Embryology,Phôi thai học 
904 |i Qhieu 
980 |a Trung tâm Học liệu Trường Đại học Cần Thơ